[Event "HUN-chT (Women)"]
[Site "Budapest"]
[Date "2005.04.23"]
[Round "5"]
[White "Rapcsak, Andrea"]
[Black "Goczo, Melinda"]
[Result "1/2-1/2"]
[WhiteElo "2122"]
[BlackElo "2276"]
[PlyCount "68"]
[EventDate "2005.04.19"]
[EventType "team-tourn"]
[EventRounds "9"]
[EventCountry "HUN"]
[SourceTitle "CBM 105 Extra"]
[Source "ChessBase"]
[SourceDate "2005.05.01"]
[SourceVersion "1"]
[SourceVersionDate "2005.05.01"]
[SourceQuality "1"]

1. e4 c6 2. d4 g6 3. Nf3 d5 4. e5 Bg4 5. Nbd2 Nh6 6. h3 Bf5 7. Be2 Bg7 8. 0-0 f6 9. Nb3 0-0 10. exf6 exf6 11. Bf4 Nf7 12. Bd3 Bxd3 13. Qxd3 Na6 14. c3 Re8 15. Rae1 Qd7 16. Rxe8+ Rxe8 17. Re1 Rxe1+ 18. Nxe1 Bf8 19. Qe2 Nc7 20. Nd3 b6 21. Bxc7 Qxc7 22. Qe6 Kg7 23. Nd2 Qe7 24. Qxe7 Bxe7 25. Nf1 Ng5 26. Ne3 Ne6 27. Kf1 Kf7 28. Ke2 Bd6 29. Nc2 Ke7 30. g3 Kd7 31. Ne3 Ng7 32. f4 Ke6 33. Kf3 Nf5 34. Ng2 c5 1/2-1/2

[Event "HUN-chT2 Breyer 0203"]
[Site "Hungary"]
[Date "2003.01.19"]
[Round "5"]
[White "Dekany, Lajos"]
[Black "Rapcsak, Andrea"]
[Result "0-1"]
[WhiteElo "2164"]
[BlackElo "2113"]
[PlyCount "86"]
[EventDate "2002.09.22"]
[EventType "team-tourn"]
[EventRounds "11"]
[EventCountry "HUN"]
[SourceTitle "EXT 2009"]
[Source "ChessBase"]
[SourceDate "2008.11.26"]
[SourceVersion "1"]
[SourceVersionDate "2008.11.26"]
[SourceQuality "1"]

1. d4 Nf6 2. c4 g6 3. Nc3 d5 4. cxd5 Nxd5 5. e4 Nxc3 6. bxc3 Bg7 7. Bc4 0-0 8. Ne2 e6 9. 0-0 c5 10. Ba3 Nd7 11. dxc5 Re8 12. Qa4 Qc7 13. Rad1 a6 14. Rd3 Bf8 15. Rfd1 Bxc5 16. Rxd7 Bxd7 17. Rxd7 Qc8 18. Bxc5 b5 19. Qd1 Qxc5 20. Bb3 Rac8 21. Qd4 Qf8 22. e5 a5 23. a4 Qa3 24. Qd1 Qc5 25. Qd4 bxa4 26. Bxa4 Qc4 27. Qxc4 Rxc4 28. Rd4 Rec8 29. f4 Rxd4 30. cxd4 Rc4 31. Bb5 Rb4 32. Bc6 a4 33. d5 a3 34. Nc3 Rc4 35. Na2 Rc2 36. d6 Kf8 37. Ba4 Rc4 38. Bb3 Rxf4 39. g3 Re4 40. Kf2 Rxe5 41. Nc3 Rc5 42. Na2 Rb5 43. Bc4 Rc5 0-1

[Event "HUN-chT3 0001"]
[Site "Hungary"]
[Date "2001.04.08"]
[Round "10.2"]
[White "Rapcsak, Andrea"]
[Black "Toth, Mate Jozsef"]
[Result "1-0"]
[WhiteElo "2121"]
[BlackElo "2181"]
[PlyCount "109"]
[EventDate "2000.10.29"]
[EventType "team-tourn"]
[EventRounds "11"]
[EventCountry "HUN"]
[SourceTitle "EXT 2007"]
[Source "ChessBase"]
[SourceDate "2006.11.23"]
[SourceVersion "1"]
[SourceVersionDate "2006.11.23"]
[SourceQuality "1"]

1. e4 c5 2. c3 d6 3. d4 Nf6 4. Bd3 Nc6 5. Ne2 g6 6. 0-0 Bg7 7. d5 Ne5 8. f4 Neg4 9. c4 b5 10. Nbc3 bxc4 11. Bxc4 Nd7 12. h3 Ngf6 13. Ng3 Rb8 14. Qe2 0-0 15. Be3 Nb6 16. e5 Nfd7 17. e6 Nxc4 18. Qxc4 fxe6 19. dxe6 Nb6 20. Qb3 Ba6 21. Rf3 Nc4 22. Qa4 Qc8 23. Nd5 Re8 24. Qd7 Qb7 25. Nc7 Nb6 26. Qxe8+ Rxe8 27. Nxe8 Bxb2 28. Rb1 Nc4 29. f5 Qc6 30. f6 exf6 31. Nxf6+ Bxf6 32. Bh6 Bb7 33. Rxb7 Qxb7 34. Rxf6 Qe7 35. Rf7 Qxf7 36. exf7+ Kxf7 37. Kf2 d5 38. Ke2 Ke6 39. Bf4 Nb2 40. Bc1 Na4 41. Kd3 Ke5 42. Bh6 c4+ 43. Kd2 d4 44. Bg7+ Kd5 45. Ne2 d3 46. Nc3+ Nxc3 47. Kxc3 Kc5 48. Bd4+ Kd5 49. Bxa7 Ke4 50. a4 g5 51. a5 h5 52. Bf2 Kd5 53. Be3 g4 54. hxg4 hxg4 55. a6 1-0

[Event "Wch U18 Girls"]
[Site "Oropesa del Mar"]
[Date "1999.10.29"]
[Round "6"]
[White "Rapcsak, Andrea"]
[Black "Klipper, Rebecca"]
[Result "1/2-1/2"]
[WhiteElo "2121"]
[BlackElo "2015"]
[PlyCount "71"]
[EventDate "1999.10.24"]
[EventType "swiss"]
[EventRounds "11"]
[EventCountry "ESP"]
[SourceTitle "CBM 072 Extra"]
[Source "ChessBase"]
[SourceDate "1999.11.18"]
[SourceVersion "1"]
[SourceVersionDate "1999.11.18"]
[SourceQuality "1"]

1. e4 c5 2. c3 d5 3. exd5 Qxd5 4. d4 Nc6 5. Nf3 cxd4 6. cxd4 e5 7. dxe5 Qxd1+ 8. Kxd1 Bg4 9. Be3 0-0-0+ 10. Kc1 Nge7 11. Nc3 Nf5 12. Bf4 h6 13. Bb5 Bxf3 14. gxf3 Ncd4 15. Bc4 g5 16. Bg3 Nxg3 17. fxg3 Nxf3 18. Bxf7 Nxe5 19. Be6+ Kb8 20. Rf1 Nd3+ 21. Kc2 Nb4+ 22. Kb3 Nc6 23. Bd5 Bg7 24. Bxc6 Bxc3 25. Rf7 bxc6 26. Kxc3 Rhe8 27. Raf1 Re3+ 28. Kc4 Re2 29. Rh7 Rxh2 30. Rff7 Rxb2 31. Rxa7 Rb1 32. Rae7 Rc1+ 33. Kb3 Rcd1 34. a4 R1d3+ 35. Kc4 R3d4+ 36. Kb3 1/2-1/2

[Event "HUN-chT3 9900"]
[Site "Hungary"]
[Date "1999.10.03"]
[Round "2"]
[White "Szemeti, Arpad"]
[Black "Rapcsak, Andrea"]
[Result "1/2-1/2"]
[WhiteElo "2235"]
[BlackElo "2121"]
[PlyCount "50"]
[EventDate "1999.09.26"]
[EventType "team-tourn"]
[EventRounds "11"]
[EventCountry "HUN"]
[SourceTitle "EXT 2002"]
[Source "ChessBase"]
[SourceDate "2001.11.25"]
[SourceVersion "1"]
[SourceVersionDate "2001.11.25"]
[SourceQuality "1"]

1. d4 Nf6 2. c4 g6 3. Nc3 d5 4. cxd5 Nxd5 5. e4 Nxc3 6. bxc3 Bg7 7. Bc4 0-0 8. Ne2 Nc6 9. 0-0 Na5 10. Bd3 b6 11. Be3 Bb7 12. f3 Rc8 13. Rc1 c5 14. Qd2 cxd4 15. cxd4 Nc6 16. d5 Ne5 17. Rxc8 Qxc8 18. Rc1 Qd7 19. Nd4 Nxd3 20. Qxd3 Rc8 21. Rxc8+ Qxc8 22. Qc2 Qxc2 23. Nxc2 Kf8 24. Nd4 Ke8 25. Kf1 Bxd4 1/2-1/2

[Event "HUN-ch U18/20 Girls"]
[Site "Paks"]
[Date "1999.03.??"]
[Round "?"]
[White "Palotai, Piroska"]
[Black "Rapcsak, Andrea"]
[Result "0-1"]
[WhiteElo "2090"]
[BlackElo "2085"]
[PlyCount "90"]
[EventDate "1999.03.??"]
[EventType "tourn"]
[EventRounds "9"]
[EventCountry "HUN"]
[SourceTitle "EXT 2006"]
[Source "ChessBase"]
[SourceDate "2005.11.24"]
[SourceVersion "1"]
[SourceVersionDate "2005.11.24"]
[SourceQuality "1"]

1. e4 e5 2. Nf3 Nc6 3. d4 exd4 4. Bc4 Nf6 5. e5 Ne4 6. Bd5 Nc5 7. Bxc6 dxc6 8. Qxd4 Qxd4 9. Nxd4 Bd7 10. 0-0 0-0-0 11. Nd2 Ne6 12. Nxe6 Bxe6 13. Nb3 Be7 14. f4 f6 15. Re1 Rhe8 16. exf6 Bxf6 17. Kf2 Bc4 18. Rxe8 Rxe8 19. Be3 Bxb2 20. Rb1 Bc3 21. a4 b6 22. Rd1 Rd8 23. Rb1 c5 24. a5 Bxb3 25. axb6 Bd5 26. bxa7 Bd4 27. Rb5 Ba8 28. g3 c6 29. Rb1 Kc7 30. Ke2 Re8 31. Rb8 Rxb8 32. axb8Q+ Kxb8 33. Bxd4 cxd4 34. Kd3 c5 35. Kc4 Be4 36. Kxc5 Bxc2 37. Kxd4 Kc7 38. Ke5 Kd7 39. g4 Ke7 40. f5 Bd1 41. g5 Be2 42. Kd5 g6 43. f6+ Kd7 44. Ke5 Bc4 45. h4 Bf7 0-1

[Event "HUN-ch U18/20 Girls"]
[Site "Paks"]
[Date "1999.03.??"]
[Round "?"]
[White "Rapcsak, Andrea"]
[Black "Puskas, Gabriella"]
[Result "1-0"]
[WhiteElo "2085"]
[BlackElo "2000"]
[PlyCount "41"]
[EventDate "1999.03.??"]
[EventType "tourn"]
[EventRounds "9"]
[EventCountry "HUN"]
[SourceTitle "EXT 2006"]
[Source "ChessBase"]
[SourceDate "2005.11.24"]
[SourceVersion "1"]
[SourceVersionDate "2005.11.24"]
[SourceQuality "1"]

1. e4 c6 2. d4 g6 3. Nf3 Bg7 4. Be2 d5 5. e5 Bg4 6. 0-0 Bxf3 7. Bxf3 e6 8. Be2 c5 9. c3 Nd7 10. Be3 b6 11. Qd2 Ne7 12. Bh6 0-0 13. Bxg7 Kxg7 14. Na3 a6 15. Nc2 h6 16. Ne3 Nf5 17. Nxf5+ exf5 18. f4 c4 19. g4 fxg4 20. Bxg4 Rh8 21. Bf3 1-0

[Event "HUN-chT2 9899"]
[Site "Hungary"]
[Date "1999.??.??"]
[Round "?"]
[White "Ballai, Zsolt"]
[Black "Rapcsak, Andrea"]
[Result "1-0"]
[WhiteElo "2335"]
[BlackElo "2060"]
[PlyCount "55"]
[EventDate "1998.??.??"]
[EventType "team-tourn"]
[EventRounds "12"]
[EventCountry "HUN"]
[SourceTitle "EXT 2000"]
[Source "ChessBase"]
[SourceDate "1999.11.16"]
[SourceVersion "1"]
[SourceVersionDate "1999.11.16"]
[SourceQuality "1"]

1. d4 Nf6 2. c4 g6 3. Nc3 d5 4. cxd5 Nxd5 5. e4 Nxc3 6. bxc3 Bg7 7. Nf3 0-0 8. Rb1 c5 9. Be2 Nc6 10. d5 Ne5 11. Nxe5 Bxe5 12. Qd2 Qa5 13. Rb3 Bd7 14. f4 Bg7 15. e5 Rfd8 16. c4 Qxd2+ 17. Bxd2 b6 18. Bf3 Bc8 19. Ke2 Rb8 20. Rc1 Bb7 21. a4 Ba8 22. Rcb1 Rd7 23. a5 Rdb7 24. axb6 Rxb6 25. Rxb6 axb6 26. Ba5 e6 27. Rxb6 Rxb6 28. Bxb6 1-0

[Event "HUN-chT2 9899"]
[Site "Hungary"]
[Date "1999.??.??"]
[Round "?"]
[White "Rapcsak, Andrea"]
[Black "Karsai, Istvan"]
[Result "1-0"]
[WhiteElo "2060"]
[BlackElo "2185"]
[PlyCount "79"]
[EventDate "1998.??.??"]
[EventType "team-tourn"]
[EventRounds "12"]
[EventCountry "HUN"]
[SourceTitle "EXT 2000"]
[Source "ChessBase"]
[SourceDate "1999.11.16"]
[SourceVersion "1"]
[SourceVersionDate "1999.11.16"]
[SourceQuality "1"]

1. e4 e6 2. d4 d5 3. e5 c5 4. c3 Ne7 5. Nf3 Nd7 6. Bd3 Nc6 7. a3 cxd4 8. cxd4 Qb6 9. Bc2 f6 10. exf6 Nxf6 11. 0-0 Bd6 12. Nc3 0-0 13. Bg5 Bd7 14. Qd3 Qa6 15. Qd1 Rac8 16. Rc1 Be8 17. Re1 h6 18. Rxe6 Nd8 19. Rxf6 gxf6 20. Bxh6 Rxc3 21. bxc3 Rf7 22. Nh4 Bd7 23. Qh5 Bf8 24. Bxf8 Kxf8 25. Qh8+ Ke7 26. Ng6+ Kd6 27. Qxd8 Qxa3 28. Rb1 Qxc3 29. Qb8+ Qc7 30. Rxb7 Qxb8 31. Rxb8 Bc6 32. h4 a5 33. h5 a4 34. Nf4 a3 35. Rb1 f5 36. Ra1 Ra7 37. Bxf5 a2 38. h6 Bb5 39. h7 Ra8 40. Rxa2 1-0

[Event "Wch U18 Girls"]
[Site "Oropesa del Mar"]
[Date "1998.11.03"]
[Round "8"]
[White "Rapcsak, Andrea"]
[Black "Gomez Cabrero, Lopez Maria"]
[Result "1-0"]
[WhiteElo "2060"]
[BlackElo "2115"]
[PlyCount "55"]
[EventDate "1998.10.25"]
[EventType "swiss"]
[EventRounds "11"]
[EventCountry "ESP"]
[SourceTitle "CBM 067 Extra"]
[Source "ChessBase"]
[SourceDate "1999.01.01"]
[SourceVersion "1"]
[SourceVersionDate "1999.01.01"]
[SourceQuality "1"]

1. e4 d6 2. d4 Nf6 3. Nc3 c6 4. Nf3 Bg4 5. Be2 e6 6. h3 Bh5 7. 0-0 Be7 8. Be3 0-0 9. Qd2 d5 10. e5 Nfd7 11. g4 Bg6 12. Bg5 Bxg5 13. Nxg5 Qe7 14. f4 f5 15. Nd1 c5 16. c3 Nc6 17. Nf2 Rab8 18. Nh1 Kh8 19. Ng3 Rfd8 20. Nf3 b5 21. Bd3 Rf8 22. gxf5 Bxf5 23. Bxf5 exf5 24. Kh1 c4 25. Qc2 g6 26. h4 Kg7 27. Rg1 Kf7 28. e6+ 1-0

[Event "Wch U18 Girls"]
[Site "Oropesa del Mar"]
[Date "1998.10.27"]
[Round "3"]
[White "Reizniece Ozola, Dana"]
[Black "Rapcsak, Andrea"]
[Result "1-0"]
[WhiteElo "2170"]
[BlackElo "2060"]
[PlyCount "47"]
[EventDate "1998.10.25"]
[EventType "swiss"]
[EventRounds "11"]
[EventCountry "ESP"]
[SourceTitle "CBM 067 Extra"]
[Source "ChessBase"]
[SourceDate "1999.01.01"]
[SourceVersion "1"]
[SourceVersionDate "1999.01.01"]
[SourceQuality "1"]

1. c4 Nf6 2. Nc3 d5 3. cxd5 Nxd5 4. g3 g6 5. Bg2 Nxc3 6. bxc3 Bg7 7. h4 h5 8. Nf3 0-0 9. 0-0 e5 10. Ng5 c5 11. Qb3 Nc6 12. Ba3 Qa5 13. Ne4 c4 14. Qb2 Rd8 15. Nd6 Qa6 16. Bd5 Be6 17. Bxe6 fxe6 18. Ne4 b6 19. Bb4 Qb7 20. Ng5 Bh6 21. Qc2 Bxg5 22. Qxg6+ Qg7 23. Qxe6+ Kh8 24. Qxc6 1-0

[Event "EU-ch U18 Girls"]
[Site "Mureck"]
[Date "1998.??.??"]
[Round "9"]
[White "Haslinger, Mandy"]
[Black "Rapcsak, Andrea"]
[Result "0-1"]
[WhiteElo "2065"]
[BlackElo "2060"]
[PlyCount "52"]
[EventDate "1998.07.08"]
[EventType "swiss"]
[EventRounds "9"]
[EventCountry "AUT"]
[SourceTitle "CBM 065 Extra"]
[Source "ChessBase"]
[SourceDate "1998.09.09"]
[SourceVersion "1"]
[SourceVersionDate "1998.09.09"]
[SourceQuality "1"]

1. d4 Nf6 2. c4 g6 3. Nc3 d5 4. Bf4 Bg7 5. e3 c5 6. dxc5 Qa5 7. Rc1 dxc4 8. Bxc4 0-0 9. Nf3 Qxc5 10. Qb3 Nc6 11. Nb5 Qh5 12. Ng5 e5 13. Nxf7 exf4 14. Nbd6 h6 15. Ng5+ Kh8 16. Ndf7+ Rxf7 17. Nxf7+ Kh7 18. 0-0 f3 19. Rfd1 fxg2 20. Qb5 Qh4 21. Ne5 Ne4 22. Nd3 Ne5 23. Bg8+ Kh8 24. Rxc8 Nf3+ 25. Kxg2 Qg4+ 26. Kh1 Rxc8 0-1

[Event "EU-ch U18 Girls"]
[Site "Mureck"]
[Date "1998.??.??"]
[Round "4"]
[White "Klipper, Rebecca"]
[Black "Rapcsak, Andrea"]
[Result "0-1"]
[WhiteElo "2055"]
[BlackElo "2060"]
[PlyCount "114"]
[EventDate "1998.07.08"]
[EventType "swiss"]
[EventRounds "9"]
[EventCountry "AUT"]
[SourceTitle "CBM 065 Extra"]
[Source "ChessBase"]
[SourceDate "1998.09.09"]
[SourceVersion "1"]
[SourceVersionDate "1998.09.09"]
[SourceQuality "1"]

1. d4 Nf6 2. c4 g6 3. Nc3 d5 4. cxd5 Nxd5 5. e4 Nxc3 6. bxc3 Bg7 7. Be3 0-0 8. Qd2 c5 9. Nf3 Qa5 10. Rc1 Rd8 11. h3 b6 12. Bc4 Bb7 13. Ng5 e6 14. Bxe6 fxe6 15. Nxe6 Rd7 16. d5 Na6 17. Nf4 Re8 18. f3 Nc7 19. c4 Qxd2+ 20. Kxd2 Ree7 21. Nd3 Ne8 22. Bg5 Bf6 23. Bf4 Nd6 24. e5 Nxc4+ 25. Rxc4 Rxd5 26. Kc2 Ba6 27. Rc3 Bxd3+ 28. Rxd3 Rxd3 29. Kxd3 Bxe5 30. Bxe5 Rxe5 31. f4 Rd5+ 32. Kc3 Kf7 33. Re1 Rd4 34. g3 Rd6 35. Re3 Re6 36. Rd3 Ke7 37. Kc4 Rd6 38. Re3+ Kd7 39. Kb5 Rd4 40. a3 Kc7 41. Re7+ Rd7 42. Re3 Kb7 43. Kc4 a6 44. Re6 Kc7 45. Kc3 Kb7 46. Kc4 Rd4+ 47. Kc3 Ra4 48. Kb3 b5 49. Re7+ Kb6 50. Rxh7 c4+ 51. Kb2 c3+ 52. Kc2 Rxa3 53. Rh6 b4 54. Rxg6+ Kb5 55. f5 Ra2+ 56. Kb1 b3 57. Rg8 c2+ 0-1

[Event "HUN-ch U18 Girls"]
[Site "Paks"]
[Date "1998.??.??"]
[Round "1"]
[White "Lutring, Aniko"]
[Black "Rapcsak, Andrea"]
[Result "0-1"]
[WhiteElo "2015"]
[BlackElo "2060"]
[PlyCount "116"]
[EventDate "1998.??.??"]
[EventType "tourn"]
[EventRounds "9"]
[EventCountry "HUN"]
[SourceTitle "EXT 2000"]
[Source "ChessBase"]
[SourceDate "1999.11.16"]
[SourceVersion "1"]
[SourceVersionDate "1999.11.16"]
[SourceQuality "1"]

1. e4 e5 2. Nf3 Nc6 3. Nc3 Nf6 4. d4 exd4 5. Nxd4 Bb4 6. Nxc6 bxc6 7. Bd3 d5 8. exd5 cxd5 9. 0-0 0-0 10. Bg5 c6 11. Qf3 Bd6 12. Rfe1 Rb8 13. Na4 Rb4 14. b3 h6 15. c3 Rg4 16. Bxf6 Qxf6 17. Qxf6 gxf6 18. Rad1 Be6 19. Be2 Rg5 20. Bf3 Bg4 21. Bxg4 Rxg4 22. Re2 Rd8 23. h3 Rg5 24. Rd4 Re5 25. Rdd2 Rde8 26. Kf1 R5e6 27. Nb2 Bf4 28. Rc2 c5 29. g3 Bd6 30. Rcd2 f5 31. Rxe6 fxe6 32. Nd1 Kf7 33. Ne3 f4 34. Nc2 fxg3 35. fxg3 Bxg3 36. Rg2 Rg8 37. Ke2 Be5 38. Rxg8 Kxg8 39. Kd3 Kf7 40. Ne3 Bc7 41. Ng4 Kg6 42. Ke3 Kg5 43. Kd3 h5 44. Nf2 Kf4 45. Ke2 Bd6 46. Nd3+ Kg3 47. Nf2 e5 48. c4 Kf4 49. cxd5 e4 50. Nd1 Be7 51. Nf2 Bf8 52. a4 a6 53. Nd1 Ke5 54. Nc3 Kd4 55. Kd2 Bd6 56. Kc2 Ke3 57. Nd1+ Kf3 58. Nc3 Be5 0-1

[Event "HUN-ch U18 Girls"]
[Site "Paks"]
[Date "1998.??.??"]
[Round "7"]
[White "Lutring, Aniko"]
[Black "Rapcsak, Andrea"]
[Result "1/2-1/2"]
[WhiteElo "2015"]
[BlackElo "2060"]
[PlyCount "82"]
[EventDate "1998.??.??"]
[EventType "tourn"]
[EventRounds "9"]
[EventCountry "HUN"]
[SourceTitle "EXT 2000"]
[Source "ChessBase"]
[SourceDate "1999.11.16"]
[SourceVersion "1"]
[SourceVersionDate "1999.11.16"]
[SourceQuality "1"]

1. e4 g6 2. d4 c6 3. Nc3 d5 4. Nf3 Bg7 5. h3 dxe4 6. Nxe4 Nd7 7. Bc4 Ngf6 8. Nxf6+ Nxf6 9. 0-0 0-0 10. c3 Qc7 11. Qe2 e6 12. Bg5 Nd5 13. Rad1 b6 14. Bh4 Bb7 15. Bg3 Qe7 16. Bxd5 cxd5 17. Ne5 a5 18. Qc2 Rfc8 19. Qb1 b5 20. Rc1 Ba6 21. Rfd1 b4 22. cxb4 Qxb4 23. Nc6 Qf8 24. Nxa5 Rxc1 25. Rxc1 Bxd4 26. Nc6 Bg7 27. b4 Bb5 28. Na5 Rc8 29. a3 Bh6 30. Rxc8 Qxc8 31. Be5 Qc1+ 32. Qxc1 Bxc1 33. Nb3 Bxa3 34. Bc3 Kf8 35. Nd4 Bc4 36. f4 Bc1 37. g3 Be3+ 38. Kg2 Bxd4 39. Bxd4 Ke8 40. Bc5 Kd7 41. Kf3 Kc6 1/2-1/2

[Event "HUN-ch U16 Girls"]
[Site "Paks"]
[Date "1997.??.??"]
[Round "7"]
[White "Karkus, Anna"]
[Black "Rapcsak, Andrea"]
[Result "0-1"]
[WhiteElo "2110"]
[BlackElo "2030"]
[PlyCount "106"]
[EventDate "1997.??.??"]
[EventType "tourn"]
[EventRounds "9"]
[EventCountry "HUN"]
[SourceTitle "EXT 2004"]
[Source "ChessBase"]
[SourceDate "2003.11.25"]
[SourceVersion "1"]
[SourceVersionDate "2003.11.25"]
[SourceQuality "1"]

1. d4 Nf6 2. c4 g6 3. Nc3 d5 4. cxd5 Nxd5 5. e4 Nxc3 6. bxc3 Bg7 7. Bc4 0-0 8. Ne2 Qd7 9. 0-0 b6 10. Be3 Nc6 11. Qd2 Rd8 12. Rfd1 Na5 13. Bd3 Bb7 14. Bh6 Bh8 15. Rac1 Rac8 16. Ng3 c5 17. d5 e6 18. dxe6 Qxe6 19. Qe2 c4 20. Bb1 Rxd1+ 21. Qxd1 Nc6 22. Rc2 Bf6 23. Bc1 Rd8 24. Rd2 Rxd2 25. Qxd2 Qe5 26. Ne2 Nd8 27. f3 Ne6 28. Ba3 Qb5 29. Qd1 a5 30. Bc2 Qc6 31. Qd6 Qxd6 32. Bxd6 Bd8 33. Kf2 Bc6 34. Ke3 b5 35. a3 f6 36. Kd2 Bb6 37. Kc1 Kf7 38. h3 Ke8 39. Kb2 Kd7 40. Bh2 Bc5 41. Bg1 Bxg1 42. Nxg1 Kd6 43. Ne2 Ke5 44. g3 g5 45. Ng1 h5 46. Kc1 h4 47. gxh4 gxh4 48. Kd2 Nf4 49. Ke3 Bd7 50. Kf2 Bxh3 51. Nxh3 Nxh3+ 52. Kg2 Ng5 53. Bd1 Kf4 0-1

[Event "HUN-ch U16 Girls"]
[Site "Paks"]
[Date "1997.??.??"]
[Round "3"]
[White "Rapcsak, Andrea"]
[Black "Decsey, Katalin"]
[Result "0-1"]
[WhiteElo "2030"]
[BlackElo "2160"]
[PlyCount "131"]
[EventDate "1997.??.??"]
[EventType "tourn"]
[EventRounds "9"]
[EventCountry "HUN"]
[SourceTitle "EXT 2004"]
[Source "ChessBase"]
[SourceDate "2003.11.25"]
[SourceVersion "1"]
[SourceVersionDate "2003.11.25"]
[SourceQuality "1"]

1. e4 e6 2. d4 d5 3. e5 b6 4. c3 Qd7 5. a4 a5 6. Nf3 Ba6 7. Bxa6 Nxa6 8. 0-0 Ne7 9. Na3 Ng6 10. Nc2 Be7 11. Bg5 c5 12. Bxe7 Qxe7 13. Qe2 0-0 14. Na3 Nc7 15. Qe3 c4 16. Nd2 Qd7 17. f4 Ne7 18. Rf3 Qxa4 19. Rh3 Rfb8 20. Qe1 Qd7 21. Qh4 h6 22. g4 b5 23. Nc2 Kf8 24. Ne3 b4 25. Rf1 bxc3 26. bxc3 Qd8 27. f5 Ng8 28. Qf2 Rb7 29. Rf3 Raa7 30. h4 exf5 31. Nxf5 Ne8 32. Nb1 g6 33. Ne3 a4 34. Na3 Qe7 35. Nac2 Qe6 36. Nb4 Rd7 37. g5 h5 38. Ng2 Kg7 39. Nf4 Qg4+ 40. Kh2 a3 41. Nbxd5 Rdb7 42. Nb4 Qd7 43. d5 Ra5 44. e6 fxe6 45. Nxe6+ Kh8 46. Qd4+ Ng7 47. Nf4 Qd6 48. Qxc4 Ne7 49. Kg2 Rc7 50. Qd3 Nef5 51. Kh3 Kh7 52. Nc6 Ra4 53. c4 Rb7 54. Nd4 a2 55. Nxf5 Nxf5 56. Ra1 Qe5 57. Qc3 Qxc3 58. Rxc3 Rb1 59. Rc1 Rxc4 60. Rcxb1 axb1Q 61. Rxb1 Rxf4 62. Rb7+ Kg8 63. Rb6 Rxh4+ 64. Kg2 Rg4+ 65. Kf3 Rxg5 66. d6 0-1